[Event "Winnipeg TNT October op"]
[Site "Winnipeg"]
[Date "2017.10.17"]
[Round "3"]
[White "Czarny, Keith"]
[Black "Sauddin, Ray"]
[Result "1-0"]
[WhiteElo "1673"]
[BlackElo "1459"]
[PlyCount "109"]
[EventDate "2017.10.03"]
[EventType "swiss"]
[EventRounds "4"]
[EventCountry "CAN"]
[SourceTitle "EXT 2022"]
[Source "ChessBase"]
[SourceDate "2021.10.06"]
[SourceVersion "1"]
[SourceVersionDate "2021.10.06"]
[SourceQuality "1"]

1. Nf3 Nf6 2. c4 g6 3. Nc3 Bg7 4. g3 0-0 5. Bg2 Re8 6. 0-0 e5 7. d3 d5 8. cxd5 Nxd5 9. Nxd5 Qxd5 10. Ng5 Qd8 11. Qb3 Qe7 12. Ne4 h6 13. Be3 Na6 14. Rac1 Rb8 15. Bxa7 Ra8 16. Be3 c6 17. a3 Kh7 18. Qc2 Bf5 19. Nd2 Qd7 20. Qc4 Re7 21. b4 Bh3 22. Qh4 Bxg2 23. Kxg2 Nc7 24. Ne4 h5 25. Bc5 Ree8 26. Ra1 Nd5 27. Kg1 Qg4 28. Qxg4 hxg4 29. Nd6 Re6 30. Nxf7 Bf6 31. e4 Nc3 32. Be3 Ne2+ 33. Kg2 Nd4 34. Ng5+ Bxg5 35. Bxg5 Nf3 36. Be3 Rd8 37. Rfd1 Red6 38. h3 Rxd3 39. Rxd3 Rxd3 40. hxg4 Nd4 41. Bxd4 exd4 42. Kf1 b6 43. a4 c5 44. bxc5 bxc5 45. a5 Rb3 46. a6 Rb8 47. a7 Ra8 48. Ra4 Kg7 49. Ke2 Kf6 50. f4 Ke7 51. Kd3 Kd7 52. f5 gxf5 53. gxf5 Kd6 54. f6 Ke6 55. e5 1-0